| 000 | 00401nam a2200145Ia 4500 | ||
|---|---|---|---|
| 008 | 220204s9999 xx 000 0 und d | ||
| 082 |
_a579.6 _bADV.4 |
||
| 245 | 0 | _aAdvances in applied microbiology. V 04 | |
| 260 |
_aNew York _bAcademic _c1962 |
||
| 650 | _aApplied microbiology | ||
| 650 | _aInduced mutagenesis | ||
| 650 | _aIndustrial bacterial viruses | ||
| 650 | _aMicroorganisms | ||
| 942 | _cBK | ||
| 999 |
_c20997 _d20997 |
||